| 000 | 01120cam a2200385 4500 | ||
|---|---|---|---|
| 001 | J60815 | ||
| 008 | 000000n2000 000 0 eng u | ||
| 022 | _a1353-1824 | ||
| 035 | _a(Sirsi) u105022 | ||
| 041 | _aeng | ||
| 050 | _a692.5 | ||
| 110 |
_aUnited Kingdom _bDepartment of the Environment, Transport and the Regions _93507 |
||
| 245 | _aPublic sector construction works : quarterly building price & cost indices. - March - December 2000 | ||
| 260 |
_aHornchurch _bTudorseed Construction _c2000 |
||
| 300 | _a4 pt. ; 30cm. | ||
| 350 | _a60.00 | ||
| 650 | _aAPSAB INDEX | ||
| 650 | _aBUILT ENVIRONMENT-BUILDING COSTS | ||
| 650 | _aFOCOS INDEX | ||
| 650 | _aFORVOP INDEX | ||
| 650 | _aHOCOS INDEX | ||
| 650 | _aHOMACOS INDEX | ||
| 650 | _aNOCOS INDEX | ||
| 650 | _aNOMACOS INDEX | ||
| 650 | _aOUTPUT INDEX | ||
| 650 | _aPUBLIC SECTOR CONSTRUCTION WORKS | ||
| 650 | _aPUBSEC INDEX | ||
| 650 | _aBUILT ENVIRONMENT-QUANTITY SURVEYING | ||
| 650 | _aROADCON INDEX | ||
| 650 | _aROCOS INDEX | ||
| 650 | _aSTATISTICS | ||
| 650 | _aTENDER PRICES | ||
| 650 | _aTPISH INDEX | ||
| 942 | _n0 | ||
| 999 |
_c100321 _d100321 |
||